Statistics for UNESCO World Heritage Countries

Click here to take the quiz!

General Stats

  • This quiz has been taken 52,260 times
    (31,734 since last reset)
  • The average score is 21 of 25

Answer Stats

#Country% Correct
24United States
98%
55China
98%
45France
97%
32United Kingdom
97%
55Italy
96%
29Russia
95%
48Spain
94%
46Germany
94%
22Brazil
93%
35Mexico
93%
23Japan
92%
38India
92%
20Canada
91%
20Australia
87%
18Greece
84%
18Turkey
80%
17Portugal
79%
16Poland
76%
15Sweden
73%
24Iran
70%
12Peru
69%
14South Korea
62%
12Switzerland
62%
13Belgium
55%
14Czech Republic
44%

Score Distribution

Percentile by Number Answered

Percent of People with Each Score

Your Score History

You have not taken this quiz since the last reset